01281nam a2200253 a 450000100060000000300080000600500170001400800410003102000150007203500190008704000370010604100080014308200240015111100880017524500580026326002170032130000350053849001150057350001220068850400390081065000330084970000300088283001150091269910BD-RjUL20211209081936.0170415s1984 ne a b 101 0 eng d a9027717435 a(BD-RjUL)70122 aDLCcDLCdUKMdEQOdBD-RjULbeng aeng0 223a512.4bNAM 19842 aNATO Advanced Study Institute on Methods in Ring Theoryd(1983 :cAntwerp, Belgium)10aMethods in ring theory /cedited by F. van Oystaeyen. aDordrecht ;aBoston :bPublished in cooperation with NATO Scientific Affairs Division [by] D. Reidel Pub. Co. ;aHingham, MA :bSold and distributed in the U.S.A. and Canada by Kluwer Academic Publishers,cc1984. aviii, 576 p. :bill. ;c25 cm.1 aNATO ASI Series : advanced science institutes series, Series C, Mathematical and physical sciences ;vvol. 129 a"Proceedings of the NATO Advanced Study Institute on Methods in Ring Theory, Antwerp, August 2-12, 1983"--T.p. verso. aIncludes bibliographies and index. 0aRings (Algebra)xCongresses.1 aOystaeyen, F. Van,d1947- 0aNATO ASI Series : advanced science institutes series, Series C, Mathematical and physical sciences ;vno. 129.